Terjemah bulughul maram lengkap dengan penjelasan-penjelasan / (Record no. 1166)

000 -LEADER
fixed length control field nam a22 a 4500
003 - CONTROL NUMBER IDENTIFIER
control field AKMAL
005 - DATE AND TIME OF LATEST TRANSACTION
control field 20170508145036.0
008 - FIXED-LENGTH DATA ELEMENTS--GENERAL INFORMATION
fixed length control field 170508s1989 my 00 may d
020 ## - INTERNATIONAL STANDARD BOOK NUMBER
International Standard Book Number 9676902748:
Terms of availability RM 38.00
040 ## - CATALOGING SOURCE
Original cataloging agency AKMAL
082 ## - DEWEY DECIMAL CLASSIFICATION NUMBER
Classification number 297.5 ASQ
090 ## - LOCALLY ASSIGNED LC-TYPE CALL NUMBER (OCLC); LOCAL CALL NUMBER (RLIN)
Classification number (OCLC) (R) ; Classification number, CALL (RLIN) (NR) 297.5
Local cutter number (OCLC) ; Book number/undivided call number, CALL (RLIN) ASQ
100 1# - MAIN ENTRY--PERSONAL NAME
Personal name al-Asqalani, Ibnu Hajar
9 (RLIN) 2366
245 10 - TITLE STATEMENT
Title Terjemah bulughul maram lengkap dengan penjelasan-penjelasan /
Statement of responsibility, etc. Al Hafizh bin Hajar Al Asqalani ; penterjemah H.Moh. Rifai, A.Qusyairi Misbah
250 ## - EDITION STATEMENT
Edition statement Ed. Malaysia
260 ## - PUBLICATION, DISTRIBUTION, ETC.
Place of publication, distribution, etc. Batu Caves, Selangor :
Name of publisher, distributor, etc. Thinker's Library,
Date of publication, distribution, etc. 1989
300 ## - PHYSICAL DESCRIPTION
Extent 936ms. ;
Dimensions 23cm
500 ## - GENERAL NOTE
General note Terjemahan dari: Bulughul maram
650 ## - SUBJECT ADDED ENTRY--TOPICAL TERM
Topical term or geographic name entry element Islamic law
General subdivision Interpretation and construction
9 (RLIN) 1525
650 ## - SUBJECT ADDED ENTRY--TOPICAL TERM
Topical term or geographic name entry element Islam
General subdivision Customs and practices
9 (RLIN) 1330
700 1# - ADDED ENTRY--PERSONAL NAME
Personal name Rifai, H. Moh.
9 (RLIN) 2367
700 1# - ADDED ENTRY--PERSONAL NAME
Personal name Misbah, A. Qusyairi
9 (RLIN) 2368
942 ## - ADDED ENTRY ELEMENTS (KOHA)
Source of classification or shelving scheme
Koha item type Book
Holdings
Withdrawn status Lost status Source of classification or shelving scheme Damaged status Not for loan Collection code Home library Current library Shelving location Date acquired Inventory number Total Checkouts Full call number Barcode Date last seen Price effective from Koha item type
          NON-FICTION AKMAL Melaka AKMAL Melaka PINJAMAN 08.05.2017 000498   297.5 ASQ 201702285 08.05.2017 08.05.2017 Book
Pusat Sumber Maklumat Dato' Haji Sarmin Md Hussin, Akademi Kastam Diraja Malaysia, Melaka
Tel: 06-2331106 | Faks: 06-2313787